01156cam a2200253 a 450000500170000000800410001701000150005802000150007302000180008803500230010604000500012904100080017924501400018726000680032730000300039549000550042550001340048065000430061465000410065765000560069870000240075470000230077871001010080120170112075845.0161206s2003 bl d fr 100 0 por d a2005340815 a8586480169 a9798586480163 a(OCoLC)ocm56158641 aCO-BoUCMbspacSandra PalaciodSandra Palacio0 apor00aInstituições internacionais bcomércio, segurança e integração cPaulo Luiz Esteves, org. ; [Alcides Costa Vaz ... y otros] aBello Horizonte (Minas Gerais, Brasil)bEditora PUC Minasc2003 a401 páginasbgráficas0 aColeção Estudos em relações internacionais aTrabajos presentados en una conferencia realizada por el Departamento de Relaciones Internacionales, la PUC Minas, abril de 2002.17aRelaciones internacionales vCongresos27aPolítica internacional vCongresos27aIntegración económica internacional vCongresos1 aEsteves, Paulo Luiz1 aVaz, Alcides Costa2 aPontifícia Universidade Católica de Minas GeraisbDepartamento de Relaciones Internacionales